000 00272nam a22001217a 4500
008 181008b xxu||||| |||| 00| 0 eng d
041 _aeng
080 _a201
100 _a24
101 _aTEO
245 _aThree Physico-Theological Discourses
_cRay, J
942 _2udc
_cBK
999 _c49059
_d49059